[Event "8th Sharjah Masters 2025"]
[Site "Sharjah UAE"]
[Date "2025.05.17"]
[Round "1.23"]
[White "Ohanyan, Emin"]
[Black "Vescovi, Giovanni"]
[Result "1/2-1/2"]
[WhiteTitle "GM"]
[BlackTitle "GM"]
[WhiteElo "2503"]
[BlackElo "2584"]
[WhiteFideId "13312022"]
[BlackFideId "2100789"]
[EventDate "2025.05.17"]

1. e4 e5 2. Nf3 Nc6 3. Bc4 Bc5 4. c3 Nf6 5. d4 exd4 6. e5 d5 7. Bb5 Ne4 8. cxd4
Bb6 9. Nc3 O-O 10. Be3 Ne7 11. Qc2 Bf5 12. Bd3 Nxc3 13. bxc3 Qd7 14. a4 c6 15.
O-O Bc7 16. Rab1 b6 17. Nh4 Bxd3 18. Qxd3 c5 19. f4 Qxa4 20. dxc5 Qc6 21. cxb6
Bxb6 22. Bxb6 axb6 23. f5 f6 24. e6 Ra3 25. Qd4 Rxc3 26. Qxb6 Qxb6+ 27. Rxb6 Rc7
28. g4 g6 29. Rfb1 Kg7 30. Rb7 Rfc8 31. Rxc7 Rxc7 32. Rb8 gxf5 33. Nxf5+ Kg6 34.
Nd6 d4 35. Kf2 d3 36. Ke3 Rc5 37. Re8 Re5+ 38. Kxd3 Rxe6 39. Nf5 Kf7 40. Rxe7+
Rxe7 41. Nxe7 Kxe7 42. Ke4 h5 43. gxh5 Kf7 44. Kf5 Kg7 45. h4 Kh6 46. Kxf6 Kxh5
47. Kf5 Kxh4 48. Ke4 1/2-1/2

[Event "8th Sharjah Masters 2025"]
[Site "Sharjah UAE"]
[Date "2025.05.17"]
[Round "1.25"]
[White "Assaubayeva, Bibisara"]
[Black "Gupta, Abhijeet"]
[Result "1/2-1/2"]
[WhiteTitle "IM"]
[BlackTitle "GM"]
[WhiteElo "2494"]
[BlackElo "2577"]
[WhiteFideId "13708694"]
[BlackFideId "5010608"]
[EventDate "2025.05.17"]

1. e4 c5 2. Nf3 d6 3. d4 cxd4 4. Nxd4 Nf6 5. Nc3 a6 6. f4 e5 7. Nb3 Nc6 8. f5
Be7 9. Bd3 d5 10. Nxd5 Nxd5 11. exd5 Qxd5 12. Qg4 Nb4 13. O-O Nxd3 14. Qxg7 Rf8
15. cxd3 Bd7 16. f6 Bd6 17. Qxh7 Bc6 18. Qe4 Qb5 19. Qg4 Bd7 20. Qe2 Rg8 21. Be3
Bg4 22. Qe1 Bh3 23. Rf2 Qd5 24. Qe2 O-O-O 25. Nd2 Bg4 26. Qf1 Kb8 27. Ne4 Bc7
28. Rd2 Ba5 29. Nc3 Qc6 30. Rc1 Rg6 31. Rf2 Qd7 32. Bc5 Bxc3 33. Rxc3 Bh3 34.
Qe2 Qd5 35. g3 e4 36. d4 Qxa2 37. Rc1 Qd5 38. Qe3 Ka8 39. Re1 Re8 40. Rf4 Rg4
41. Rxg4 Bxg4 42. b4 Bd7 43. Qf4 Bc6 44. Qe3 Rh8 45. Re2 Bb5 46. Qxe4 Qc4 47.
Re1 Qa2 48. Qg2 Qb3 49. d5 Qd3 50. h4 Bc4 51. d6 Bb5 52. Kh2 Bc6 53. Qe2 Qf5 54.
Rf1 Qg5 55. Qf2 Qd5 56. Re1 Rg8 57. Kh3 Bd7+ 58. Kh2 Bc6 59. Kh3 Qd3 60. Re3 Qd1
61. Re1 Qg4+ 62. Kh2 Rh8 63. Re3 Qd1 64. Re1 Qd5 65. Kh3 Rg8 66. Kh2 Rb8 67. Kh3
b6 68. Bd4 Qxd6 69. Be5 Qd7+ 70. Kh2 Re8 71. Bf4 Rxe1 72. Qxe1 Qd5 73. Qf1 Kb7
74. g4 Qa2+ 75. Kg1 Qe6 76. Qd1 Qe4 77. Qf1 Qh1+ 78. Kf2 Qxh4+ 79. Ke3 Qxf6 80.
Qc4 Qe7+ 81. Kd2 Qd7+ 82. Kc3 Bd5 83. Qd4 Qc6+ 84. Kb2 Qb5 85. Ka3 a5 86. Bd2 a4
87. Be3 Bc6 88. g5 Kc8 89. Qh8+ Kd7 90. Qd4+ Ke6 91. Qf6+ Kd7 92. Qxf7+ Kc8 93.
Qg8+ Be8 94. Qe6+ Bd7 95. Qe4 Bc6 96. Qg4+ Bd7 97. Qe4 Bc6 98. Qg4+ 1/2-1/2

[Event "8th Sharjah Masters 2025"]
[Site "Sharjah UAE"]
[Date "2025.05.17"]
[Round "1.26"]
[White "Iniyan, Pa"]
[Black "Royal, Shreyas"]
[Result "1-0"]
[WhiteTitle "GM"]
[BlackTitle "GM"]
[WhiteElo "2573"]
[BlackElo "2493"]
[WhiteFideId "25002767"]
[BlackFideId "448869"]
[EventDate "2025.05.17"]

1. d4 d5 2. c4 dxc4 3. Nf3 Nf6 4. Qa4+ Nc6 5. Qxc4 e5 6. Nxe5 Nxe5 7. dxe5 Ng4
8. Nc3 c6 9. Qe4 Bc5 10. e3 Qe7 11. f4 O-O 12. Bd3 g6 13. Qf3 Rd8 14. Be2 Qh4+
15. g3 Qh3 16. Bf1 Qh5 17. Ne4 Bb4+ 18. Bd2 Bxd2+ 19. Nxd2 Qf5 20. O-O-O Qe6 21.
Bc4 Qe7 22. h3 b5 23. hxg4 bxc4 24. Ne4 Bxg4 25. Qxg4 f5 26. Qg5 1-0

[Event "8th Sharjah Masters 2025"]
[Site "Sharjah UAE"]
[Date "2025.05.17"]
[Round "1.27"]
[White "Xiao, Tong(QD)"]
[Black "Bai, Jinshi"]
[Result "1/2-1/2"]
[WhiteTitle "GM"]
[BlackTitle "GM"]
[WhiteElo "2493"]
[BlackElo "2572"]
[WhiteFideId "8622388"]
[BlackFideId "8602280"]
[EventDate "2025.05.17"]

1. e4 e5 2. Nf3 Nc6 3. Nc3 Nf6 4. d4 exd4 5. Nxd4 Bb4 6. Nxc6 bxc6 7. Bd3 d5 8.
Bd2 O-O 9. O-O Bxc3 10. Bxc3 dxe4 11. Bxf6 Qxf6 12. Bxe4 Qxb2 13. Bxc6 Rb8 14.
Rb1 Qxb1 15. Qxb1 Rxb1 16. Rxb1 Rd8 17. Bf3 Kf8 18. Rb8 Re8 19. h4 Ba6 20. Rb3
Be2 1/2-1/2

[Event "8th Sharjah Masters 2025"]
[Site "Sharjah UAE"]
[Date "2025.05.17"]
[Round "1.28"]
[White "Samunenkov, Ihor"]
[Black "Mamedov, Edgar"]
[Result "0-1"]
[WhiteTitle "GM"]
[BlackTitle "IM"]
[WhiteElo "2572"]
[BlackElo "2492"]
[WhiteFideId "14187086"]
[BlackFideId "13739980"]
[EventDate "2025.05.17"]

1. e4 e5 2. Nf3 Nc6 3. Bb5 a6 4. Ba4 Nf6 5. O-O Be7 6. Re1 b5 7. Bb3 O-O 8. a4
Bb7 9. c3 d5 10. exd5 Nxd5 11. d3 b4 12. a5 Bf6 13. Qc2 Qd7 14. Bc4 Nce7 15.
Nfd2 Ng6 16. Ne4 Be7 17. Nbd2 Nh4 18. Nf1 Qg4 19. Neg3 Nxg2 20. Rxe5 Ndf4 21.
Bxf4 Nxf4 22. Ne3 Qd7 23. Ne4 Kh8 24. d4 f5 25. Nc5 Bxc5 26. Rxc5 Qd6 27. Re5
Qg6+ 28. Kf1 Qh5 29. f3 Qxf3+ 30. Qf2 Qh3+ 31. Kg1 Qh6 32. Kf1 Ng6 33. Re6 f4
34. Ng2 Qxh2 35. d5 Qh1+ 36. Qg1 Qh3 37. Kf2 Qg3+ 38. Kf1 Bc8 0-1

[Event "8th Sharjah Masters 2025"]
[Site "Sharjah UAE"]
[Date "2025.05.17"]
[Round "1.29"]
[White "Huang, Renjie"]
[Black "Amar, Elham"]
[Result "1/2-1/2"]
[BlackTitle "GM"]
[WhiteElo "2491"]
[BlackElo "2569"]
[WhiteFideId "8610134"]
[BlackFideId "1533533"]
[EventDate "2025.05.17"]

1. e4 c5 2. Nf3 e6 3. d4 cxd4 4. Nxd4 Nc6 5. Nc3 a6 6. Be2 Qc7 7. Nxc6 bxc6 8.
Qd3 Nf6 9. Qg3 Qxg3 10. hxg3 d5 11. g4 Nxe4 12. Nxe4 dxe4 13. Be3 e5 14. O-O-O
a5 15. Rh4 Be7 16. g5 Bf5 17. Bg4 g6 18. Rdh1 h5 19. Bh3 f6 20. Bxf5 1/2-1/2

[Event "8th Sharjah Masters 2025"]
[Site "Sharjah UAE"]
[Date "2025.05.17"]
[Round "1.30"]
[White "Can, Emre"]
[Black "Rohith, Krishna S"]
[Result "1/2-1/2"]
[WhiteTitle "GM"]
[BlackTitle "IM"]
[WhiteElo "2568"]
[BlackElo "2490"]
[WhiteFideId "6302181"]
[BlackFideId "46617051"]
[EventDate "2025.05.17"]

1. e4 e5 2. Nf3 Nc6 3. Bb5 a6 4. Ba4 Nf6 5. O-O Be7 6. Re1 b5 7. Bb3 O-O 8. a4
Bb7 9. d3 d6 10. Bd2 Qd7 11. h3 Nd8 12. axb5 axb5 13. Rxa8 Bxa8 14. Nc3 c5 15.
Nd5 Nxd5 16. exd5 f6 17. c4 Nf7 18. cxb5 Qxb5 19. Qc2 Bb7 20. Bc4 Qd7 21. Ra1
Ra8 22. Ra3 g6 23. Qb3 Kg7 24. Bc3 f5 25. Nd2 Bf6 26. Qa2 Qc8 27. Nb3 f4 28. Nd2
Be7 29. Bb5 h5 30. Kf1 g5 31. Ne4 Kf8 32. Rxa8 Bxa8 33. Bd7 Qxd7 34. Qxa8+ Kg7
35. Qc6 Qd8 36. g4 hxg4 37. hxg4 Kg8 38. Ke2 Kg7 39. Qb7 Bf8 40. Ba5 Qe7 41. Bc7
Qd7 42. f3 Qa4 43. Kd2 Kg8 44. Bd8 Qd4 45. Kc2 c4 46. dxc4 Qxc4+ 47. Kb1 Qd3+
48. Ka2 Nxd8 49. Nf6+ Kh8 50. Qd7 Qa6+ 51. Kb1 Qf1+ 52. Ka2 Qa6+ 1/2-1/2

[Event "8th Sharjah Masters 2025"]
[Site "Sharjah UAE"]
[Date "2025.05.17"]
[Round "1.31"]
[White "Davtyan, Artur"]
[Black "Karthik, Venkataraman"]
[Result "0-1"]
[WhiteTitle "IM"]
[BlackTitle "GM"]
[WhiteElo "2485"]
[BlackElo "2565"]
[WhiteFideId "13308327"]
[BlackFideId "25006479"]
[EventDate "2025.05.17"]

1. d4 e6 2. c4 Nf6 3. Nc3 Bb4 4. e3 d5 5. a3 Be7 6. Nf3 O-O 7. c5 c6 8. Bd2 Nbd7
9. b4 Qc7 10. Be2 e5 11. O-O Re8 12. Qc2 e4 13. Nh4 Nf8 14. f4 Ng4 15. Bxg4 Bxg4
16. Be1 Qd8 17. Qf2 Bd7 18. f5 b6 19. g4 bxc5 20. bxc5 Bc8 21. Ng2 Ba6 22. Ne2
Rb8 23. Bb4 h6 24. Rfe1 Nh7 25. h4 Bc4 26. Rab1 Bd3 27. Rb2 a5 28. Bc3 Rxb2 29.
Bxb2 Qb8 30. Bc3 Bd8 31. Nef4 Bc7 32. Qd2 Qb5 33. Ra1 Rb8 34. a4 Qa6 35. Kh2 Rb3
36. Kg1 Nf6 37. g5 hxg5 38. hxg5 Nh7 39. Nh3 Qc8 40. Bxa5 Bg3 41. Ngf4 Qxf5 42.
Qg2 Bxf4 43. Nxf4 Nxg5 44. Ra2 Rb1+ 45. Kf2 Ne6 0-1

[Event "8th Sharjah Masters 2025"]
[Site "Sharjah UAE"]
[Date "2025.05.17"]
[Round "1.32"]
[White "Ahmadzada, Ahmad"]
[Black "Pang, Tao"]
[Result "1/2-1/2"]
[WhiteTitle "GM"]
[BlackTitle "IM"]
[WhiteElo "2564"]
[BlackElo "2485"]
[WhiteFideId "13413007"]
[BlackFideId "8609950"]
[EventDate "2025.05.17"]

1. e4 e6 2. d4 d5 3. Nc3 dxe4 4. Nxe4 Nd7 5. Nf3 Ngf6 6. Nxf6+ Nxf6 7. g3 b6 8.
Bb5+ Bd7 9. a4 a6 10. Be2 Bc6 11. O-O Bd6 12. Ne5 Bxe5 13. dxe5 Qd5 14. Qxd5
Nxd5 15. a5 b5 16. Bd2 O-O-O 17. Rfd1 Rd7 18. f3 Rhd8 19. Kf2 Ne7 20. Be3 Ng6
21. f4 Be4 22. Rxd7 Rxd7 23. Rc1 Ne7 24. Bc5 Nf5 25. b4 Nd4 26. Bxd4 Rxd4 27. c3
Rd7 28. Rd1 Bd5 29. Ke3 c5 30. bxc5 1/2-1/2

[Event "8th Sharjah Masters 2025"]
[Site "Sharjah UAE"]
[Date "2025.05.17"]
[Round "1.33"]
[White "Isik, Alparslan"]
[Black "Akobian, Varuzhan"]
[Result "0-1"]
[WhiteTitle "IM"]
[BlackTitle "GM"]
[WhiteElo "2482"]
[BlackElo "2564"]
[WhiteFideId "34506896"]
[BlackFideId "13300580"]
[EventDate "2025.05.17"]

1. d4 e6 2. c4 f5 3. Nf3 Nf6 4. g3 d5 5. Bg2 c6 6. O-O Bd6 7. b3 Qe7 8. Bb2 O-O
9. Qc1 Nbd7 10. Ba3 Bxa3 11. Qxa3 Qxa3 12. Nxa3 b6 13. Rac1 Bb7 14. Ne1 Rfc8 15.
Nd3 Kf8 16. Rc2 Ke7 17. Rfc1 a5 18. Nb1 Rab8 19. Nd2 Ne4 20. Nf3 c5 21. cxd5
exd5 22. dxc5 bxc5 23. Nfe5 Nxe5 24. Nxe5 Kd6 25. Nd3 c4 26. bxc4 Rxc4 27. Rxc4
dxc4 28. Rxc4 Bd5 29. Rc2 Rb1+ 30. Bf1 Rd1 31. Nb2 Ra1 32. f3 Nc5 33. Kf2 Rxa2
34. Nc4+ Bxc4 35. Rxc4 a4 36. Rc3 Rb2 37. Ra3 Kc6 38. Ke1 Kb5 39. Ra1 Kb4 40.
Kd1 a3 0-1

[Event "8th Sharjah Masters 2025"]
[Site "Sharjah UAE"]
[Date "2025.05.17"]
[Round "1.34"]
[White "Zemlyanskii, Ivan"]
[Black "Injac, Teodora"]
[Result "1-0"]
[WhiteTitle "GM"]
[BlackTitle "IM"]
[WhiteElo "2563"]
[BlackElo "2474"]
[WhiteFideId "24249971"]
[BlackFideId "932400"]
[EventDate "2025.05.17"]

1. d4 Nf6 2. c4 e6 3. Nc3 Bb4 4. e3 b6 5. Bd3 Bb7 6. Nf3 c5 7. O-O O-O 8. Na4
cxd4 9. exd4 Re8 10. a3 Bf8 11. b4 d6 12. Be3 Nbd7 13. Be2 Ne4 14. Rc1 Rc8 15.
Qb3 Rc7 16. Rfd1 Qa8 17. Ne1 g6 18. f3 Nef6 19. Nc3 a6 20. Nd3 Bg7 21. a4 Nh5
22. Qa2 Qd8 23. Nf2 f5 24. Nh3 h6 25. a5 Kh7 26. axb6 Nxb6 27. c5 Nd5 28. Nxd5
exd5 29. Bf2 dxc5 30. dxc5 Qf6 31. Bd3 d4 32. Qd2 Rd7 33. Ra1 Qc6 34. Ra5 Qd5
35. Rc1 Bc6 36. Bc4 Qe5 37. Rxa6 Qc7 38. b5 Bd5 39. c6 Rd6 40. Bxd5 Rxd5 41. b6
Qd6 42. b7 Rc5 43. Rxc5 Qxc5 44. Ra8 Qxc6 45. b8=Q Qxa8 46. Qxa8 Rxa8 47. g4
fxg4 48. fxg4 Nf6 49. Bxd4 Ra4 50. Bxf6 1-0

[Event "8th Sharjah Masters 2025"]
[Site "Sharjah UAE"]
[Date "2025.05.17"]
[Round "1.35"]
[White "Siddharth, Jagadeesh"]
[Black "Sankalp, Gupta"]
[Result "1/2-1/2"]
[WhiteTitle "GM"]
[BlackTitle "GM"]
[WhiteElo "2472"]
[BlackElo "2559"]
[WhiteFideId "5818320"]
[BlackFideId "5097010"]
[EventDate "2025.05.17"]

1. c4 Nf6 2. g3 e6 3. Bg2 d5 4. Nf3 d4 5. O-O c5 6. e3 Nc6 7. d3 h6 8. Na3 e5 9.
exd4 exd4 10. Bf4 Be7 11. Nb5 O-O 12. Bc7 Qd7 13. Ne5 Nxe5 14. Bxe5 Ng4 15. Bh3
f5 16. Bxg4 fxg4 17. Nc7 Bf6 18. Qe2 Bxe5 19. Qxe5 Rf5 20. Qe8+ Qxe8 21. Nxe8
Rf3 22. Nd6 Rxd3 23. Rfe1 Rf3 24. Re8+ Rf8 25. Rxf8+ Kxf8 26. Re1 Bd7 27. Nxb7
Bf5 28. Nxc5 Rc8 29. Re5 Bb1 30. a3 a5 31. b3 Kf7 32. Kf1 Bc2 33. b4 axb4 34.
axb4 Ra8 35. Ke1 Ra1+ 36. Kd2 Ra2 37. Kc1 Bh7 38. Ne4 Ra4 39. Kd2 Rxb4 40. Kd3
Rb1 41. Kxd4 Rd1+ 42. Kc5 Rc1 43. Nd6+ Kf6 44. Re8 Bd3 45. Rf8+ Ke6 46. Rf4 h5
47. Rd4 Bf1 48. Re4+ Kf6 49. Ne8+ Kf7 50. Nd6+ Kf6 51. Rf4+ Ke6 52. f3 gxf3 53.
Rxf3 g5 54. Re3+ Kf6 55. Rf3+ Ke6 56. h4 gxh4 57. gxh4 Kd7 58. Rf5 Be2 59. Re5
Bf1 60. Rxh5 Rc2 61. Re5 Rh2 62. h5 Rh4 63. Ne4 Kd8 64. Nd6 Kd7 65. Rd5 Ke6 66.
Rg5 Bd3 67. Rg3 Rxh5+ 68. Kc6 Bxc4 69. Nxc4 Rh1 1/2-1/2

[Event "8th Sharjah Masters 2025"]
[Site "Sharjah UAE"]
[Date "2025.05.17"]
[Round "1.36"]
[White "Vetokhin, Savva"]
[Black "Tarhan, Adar"]
[Result "1-0"]
[WhiteTitle "GM"]
[BlackTitle "IM"]
[WhiteElo "2558"]
[BlackElo "2472"]
[WhiteFideId "44144474"]
[BlackFideId "34544712"]
[EventDate "2025.05.17"]

1. d4 Nf6 2. c4 e6 3. Nc3 Bb4 4. Nf3 O-O 5. Bg5 h6 6. Bh4 c5 7. d5 b5 8. e4 exd5
9. cxd5 Re8 10. e5 Qa5 11. Bd3 Bxc3+ 12. bxc3 Qxc3+ 13. Kf1 Nxd5 14. Rc1 Qa3 15.
Qd2 Ba6 16. Kg1 b4 17. Bxa6 Nxa6 18. h3 Nc3 19. Rc2 Qa4 20. Kh2 d6 21. Re1 dxe5
22. Nxe5 Re6 23. Rcc1 Rae8 24. Qf4 Rxe5 25. Rxe5 Rxe5 26. Qxe5 Qxa2 27. Qe8+ Kh7
28. Re1 Qc4 29. Qc8 Kg6 30. Bg3 b3 31. Be5 Nd5 32. f3 Nb6 33. Qe8 Kh7 34. Re4
Qe6 35. Qf8 f6 36. Bb2 Qg8 37. Qe7 Nd5 38. Qd7 Nac7 39. Rg4 Qf8 40. Kh1 a5 41.
Qa4 Qe7 42. Re4 Qd6 43. Qxb3 Nb4 44. Re1 Qd3 45. Qf7 Ncd5 46. Qe6 c4 47. Re4
Qb1+ 48. Kh2 Qxb2 49. Qf5+ Kg8 50. Qg6 Nc7 51. Re7 Qe5+ 52. Rxe5 fxe5 53. Qf5
Nbd5 54. Qxe5 c3 55. Qd4 Kf7 56. f4 g6 57. Qe4 Kf6 58. g4 a4 59. Qxa4 Ne6 60.
Qc6 Nxf4 61. Qxc3+ Kf7 62. Qe5 Ke7 63. Kg3 Kf7 64. Qh8 h5 65. g5 Ke7 66. Qf6+
Kd6 67. h4 Kd5 68. Qf7 Ke5 69. Qe8 Ke4 70. Qc6+ Ke5 71. Qc3+ Ke4 72. Qe1+ Kd5
73. Kf3 Kd6 74. Qd2+ Ke5 75. Qe3+ Kd5 76. Qe4+ Kd6 77. Ke3 Nd5+ 78. Kd2 Ndf4 79.
Kc3 Nd5+ 80. Kc4 Ndf4 81. Qe1 Nc7 82. Qb4+ Ke5 83. Qb8 Nd5 84. Qh8+ Kf5 85. Qf8+
Kg4 86. Qf7 Kxh4 87. Qxg6 Nf4 88. Qf5 Ncd5 89. Kd4 Kg3 90. g6 Ne7 91. Qg5+ Kf3
92. Qxe7 Nxg6 93. Qe4+ 1-0

[Event "8th Sharjah Masters 2025"]
[Site "Sharjah UAE"]
[Date "2025.05.17"]
[Round "1.37"]
[White "Divya, Deshmukh"]
[Black "Bharath, Subramaniyam H"]
[Result "0-1"]
[WhiteTitle "IM"]
[BlackTitle "GM"]
[WhiteElo "2469"]
[BlackElo "2556"]
[WhiteFideId "35006916"]
[BlackFideId "46634827"]
[EventDate "2025.05.17"]

1. d4 Nf6 2. c4 e6 3. Nc3 d5 4. cxd5 exd5 5. Bf4 Be7 6. e3 Bf5 7. Qb3 Nc6 8. g4
Nxg4 9. Qxd5 Qxd5 10. Nxd5 Bb4+ 11. Ke2 O-O-O 12. Nxb4 Nxb4 13. Bg3 Rhe8 14. Rc1
Re7 15. Kd2 Nxa2 16. Ra1 Nb4 17. Rxa7 Kb8 18. Ra4 Be4 19. f3 Nxe3 20. fxe4 Nxf1+
21. Kc3 Na6 22. Bh4 f6 23. Nf3 Ne3 24. Nd2 g5 25. Bg3 f5 26. Be5 Nc5 27. Ra5 b6
28. Rb5 Rxe5 29. dxe5 Rd3+ 30. Kb4 Rxd2 31. Rxc5 bxc5+ 32. Kc3 0-1

[Event "8th Sharjah Masters 2025"]
[Site "Sharjah UAE"]
[Date "2025.05.17"]
[Round "1.38"]
[White "Grebnev, Aleksey"]
[Black "Ilamparthi, A R"]
[Result "1-0"]
[WhiteTitle "GM"]
[BlackTitle "IM"]
[WhiteElo "2556"]
[BlackElo "2469"]
[WhiteFideId "34189030"]
[BlackFideId "45015775"]
[EventDate "2025.05.17"]

1. e4 c5 2. Nf3 Nc6 3. Bb5 g6 4. O-O Bg7 5. Re1 e5 6. Bxc6 dxc6 7. d3 Qc7 8. a4
a5 9. Be3 b6 10. Nbd2 Nf6 11. Nc4 Nd7 12. Qc1 h6 13. h3 Ba6 14. c3 Nf8 15. b4
Bxc4 16. dxc4 axb4 17. cxb4 cxb4 18. c5 bxc5 19. Bxc5 Ne6 20. Bxb4 c5 21. Bd2 h5
22. Qc4 O-O 23. a5 Ra7 24. Reb1 Rfa8 25. Rb5 Bf6 26. Rab1 Qd7 27. Bc3 Nd4 28.
Rb6 Qe7 29. Nd2 Kg7 30. Nf1 Bh4 31. a6 Rd8 32. Rb7 Rd7 33. Rxa7 Rxa7 34. Rb6 Rd7
35. Qa2 Ra7 36. Ne3 Qd7 37. Nc4 Bd8 38. Rd6 Qe8 39. Ba5 Bxa5 40. Qxa5 Qa8 41.
Qxc5 Qxe4 42. Qxe5+ Qxe5 43. Nxe5 Nb3 44. Nd3 Re7 45. Rb6 Nc1 46. a7 Ne2+ 47.
Kf1 Ng3+ 48. fxg3 Rxa7 49. Rb2 Rd7 50. Ke2 Re7+ 51. Kf3 Rd7 52. Ne5 Ra7 53. Re2
Ra3+ 54. Re3 Ra1 55. g4 hxg4+ 56. Nxg4 Rf1+ 57. Ke2 Ra1 58. Re7 Ra5 59. Kf3 Rb5
60. Nf2 Rf5+ 61. Ke3 Ra5 62. Ne4 Rd5 63. Ra7 Kf8 64. Kf4 Rd4 65. Ke5 Rd1 66. Ng5
Re1+ 67. Kf4 Rf1+ 68. Kg4 f5+ 69. Kg3 Re1 70. Nf3 Re4 71. Nh4 Re6 72. Kf4 1-0

[Event "8th Sharjah Masters 2025"]
[Site "Sharjah UAE"]
[Date "2025.05.17"]
[Round "1.39"]
[White "Nigmatov, Ortik"]
[Black "Pranav, Anand"]
[Result "1/2-1/2"]
[WhiteTitle "GM"]
[BlackTitle "GM"]
[WhiteElo "2457"]
[BlackElo "2555"]
[WhiteFideId "14202131"]
[BlackFideId "46626786"]
[EventDate "2025.05.17"]

1. e4 c5 2. Nf3 d6 3. Bb5+ Nd7 4. d4 cxd4 5. Nxd4 Nf6 6. O-O a6 7. Bd3 Nc5 8.
Nc3 g6 9. Re1 Bg7 10. Bf1 O-O 11. a4 Bg4 12. f3 e5 13. Nde2 Be6 14. Be3 Qb6 15.
Qd2 Qc6 16. Red1 Rfd8 17. Bg5 Rac8 18. a5 Qe8 19. Nc1 Qf8 20. N1a2 h6 21. Bxf6
Bxf6 22. Nb4 Bg5 23. Qf2 h5 24. h4 Bh6 25. Nbd5 f5 26. exf5 Bxf5 27. b4 Ne6 28.
Bd3 Kh8 29. Na4 Re8 30. Nab6 Rcd8 31. Be4 Qf7 32. Nc4 Rf8 33. Bxf5 gxf5 34. c3
Qg6 35. Qb6 e4 36. fxe4 f4 37. Nxd6 f3 38. Ra2 Qg3 39. Nf5 Rxf5 40. Qxe6 Be3+
41. Nxe3 f2+ 42. Rxf2 Qxf2+ 43. Kh1 Qxh4+ 44. Kg1 Qf2+ 45. Kh1 Rxd1+ 46. Nxd1
Qf1+ 47. Kh2 Qf4+ 48. g3 Qd2+ 49. Kh3 Rf1 50. Qc8+ Kg7 51. Qxb7+ Rf7 52. Qd5 Qe2
53. Qg5+ Kh7 54. Ne3 Qf3 55. Kh2 Qe2+ 56. Kh3 Qf3 57. Kh2 Qe2+ 1/2-1/2

[Event "8th Sharjah Masters 2025"]
[Site "Sharjah UAE"]
[Date "2025.05.17"]
[Round "1.40"]
[White "Sanal, Vahap"]
[Black "Oro, Faustino"]
[Result "1/2-1/2"]
[WhiteTitle "GM"]
[BlackTitle "IM"]
[WhiteElo "2555"]
[BlackElo "2454"]
[WhiteFideId "6300545"]
[BlackFideId "20000197"]
[EventDate "2025.05.17"]

1. Nf3 Nf6 2. b3 c5 3. Bb2 Nc6 4. e3 g6 5. Be2 Bg7 6. O-O O-O 7. d3 b6 8. Nbd2
Bb7 9. c4 d5 10. a3 Qd6 11. cxd5 Qxd5 12. Nc4 Rfd8 13. Qc2 Rac8 14. Rac1 Qd7 15.
Rfd1 Nd5 16. h3 Qe8 17. Nce5 Nxe5 18. Nxe5 Nf6 19. Qb1 Bd5 20. Nc4 Qc6 21. Bf1
Nd7 22. Bxg7 Kxg7 23. b4 Qf6 24. Nd2 Ba8 25. Qb3 Bc6 26. Rc2 cxb4 27. axb4 Bd5
28. Qb1 e5 29. Rdc1 Rxc2 30. Rxc2 Qd6 31. Qb2 a5 32. bxa5 bxa5 33. Qb5 Ra8 34.
Nc4 Qc6 35. Qb2 Qf6 36. Qa3 a4 37. Nd6 Qe6 38. Rc7 Rd8 39. Be2 h5 40. Ra7 Bc6
41. Bd1 Kg8 42. Rc7 Qd5 43. e4 Qa5 44. Rxc6 Qe1+ 45. Kh2 Qxd1 46. Nxf7 Kxf7 47.
Qd6 Qb3 48. Qxg6+ Ke7 49. Qg5+ Ke8 50. Rg6 Qf7 51. Rg8+ Nf8 52. Qxe5+ Qe7 53.
Qxh5+ Qf7 54. Qe5+ Qe7 55. Qb5+ Qd7 56. Qa5 Qd6+ 57. Rg3 a3 58. e5 Qd5 59. Qa4+
Rd7 60. f4 a2 61. Rf3 Ne6 62. Rf2 Qxd3 63. Qxa2 Qd5 64. Qc2 Kf8 65. Qg6 Rg7 66.
Qf6+ Kg8 67. Rb2 Nf8 68. Qf5 Rg6 69. Qc2 Qd4 70. Qc1 Qe4 71. Qd2 Ne6 72. Rb4 Qf5
73. g4 Qf8 74. f5 Ng5 75. Qd5+ Kh8 76. Ra4 Rg8 77. Ra6 Qb4 78. Rh6+ Nh7 79. Ra6
Qb2+ 80. Kg3 Qc3+ 81. Kg2 Qc2+ 82. Kf1 Qc1+ 83. Ke2 Qc2+ 84. Ke3 Qc3+ 85. Ke2
Qxh3 86. Ra8 Qxg4+ 87. Kd2 Qf4+ 88. Kc3 Qc1+ 89. Kb4 Qb2+ 90. Kc5 Qc3+ 91. Kb5
Qb2+ 92. Kc5 Qc3+ 93. Kb5 Qb2+ 1/2-1/2

[Event "8th Sharjah Masters 2025"]
[Site "Sharjah UAE"]
[Date "2025.05.18"]
[Round "2.1"]
[White "Karthik, Venkataraman"]
[Black "Giri, Anish"]
[Result "1/2-1/2"]
[WhiteTitle "GM"]
[BlackTitle "GM"]
[WhiteElo "2565"]
[BlackElo "2738"]
[WhiteFideId "25006479"]
[BlackFideId "24116068"]
[EventDate "2025.05.17"]

1. d4 d5 2. c4 e6 3. Nf3 Nf6 4. Nc3 c6 5. e3 Nbd7 6. Qc2 Bd6 7. Be2 O-O 8. O-O
dxc4 9. Rd1 b5 10. e4 Be7 11. b3 b4 12. Na4 c3 13. a3 a5 14. Nc5 bxa3 15. Bxa3
Nxc5 16. Bxc5 Ba6 17. Bxa6 Rxa6 18. Bxe7 Qxe7 19. Qxc3 Rfa8 20. Qc2 Nd7 21. h3
h6 22. Rdc1 e5 23. Qc3 exd4 24. Nxd4 Qxe4 25. Nxc6 a4 26. Rxa4 Rxa4 27. bxa4
Rxa4 28. Re1 Rc4 29. Rxe4 Rxc3 1/2-1/2

[Event "8th Sharjah Masters 2025"]
[Site "Sharjah UAE"]
[Date "2025.05.18"]
[Round "2.2"]
[White "Tabatabaei, M. Amin"]
[Black "Zemlyanskii, Ivan"]
[Result "1/2-1/2"]
[WhiteTitle "GM"]
[BlackTitle "GM"]
[WhiteElo "2670"]
[BlackElo "2563"]
[WhiteFideId "12521213"]
[BlackFideId "24249971"]
[EventDate "2025.05.17"]

1. e4 e5 2. Nf3 Nc6 3. Bc4 Nf6 4. d3 Be7 5. O-O O-O 6. Re1 d6 7. a3 Be6 8. Nc3
Qd7 9. Nd5 Rae8 10. c3 Bd8 11. Bg5 Kh8 12. d4 Bg4 13. Bxf6 Bxf6 14. Nxf6 gxf6
15. Be2 Rg8 16. g3 Ne7 17. Nh4 Be6 18. Qd2 Ng6 19. Ng2 Bg4 20. Kh1 Bxe2 21. Rxe2
f5 22. exf5 Qxf5 23. Rae1 Qf3 24. Qe3 Nh4 25. Rg1 Qxe3 26. Rxe3 Nxg2 27. Kxg2
exd4 28. cxd4 Rxe3 29. fxe3 Rg5 30. Rc1 c6 31. e4 Rb5 32. b4 a5 33. bxa5 Rxa5
34. Rb1 b5 35. Rc1 Ra6 36. Kh3 Kg7 37. Kg4 Kg6 38. h4 c5 39. dxc5 Rc6 40. Rb1
Rxc5 41. Rd1 Rc6 42. Rd5 Ra6 43. Rxb5 Rxa3 44. Rb6 h5+ 45. Kf4 f6 46. Rxd6 Ra4
47. Rb6 Rc4 48. Rb3 Ra4 49. Ke3 Rc4 50. Rb6 Kg7 51. Re6 Kf7 52. Rd6 Kg7 53. Rd4
Rc1 54. Rd3 Kg6 55. Kd4 Ra1 56. Rc3 Ra4+ 57. Kd5 Ra5+ 58. Kd6 Re5 59. Rc4 Kf7
60. Rc7+ Kf8 61. Rc4 Kf7 62. Kd7 Re7+ 63. Kc6 Re5 64. Kd6 Kg6 65. Rd4 Kf7 66.
Rb4 Kg6 67. Rc4 Kf7 68. Rc7+ Kf8 69. Rh7 Rxe4 70. Rxh5 Rg4 71. Ke6 Kg7 72. Ra5
Rxg3 73. Kf5 Rf3+ 74. Kg4 Re3 75. h5 Re5 76. Rxe5 fxe5 77. Kf5 Kh6 78. Kxe5 Kxh5
79. Ke4 1/2-1/2

[Event "8th Sharjah Masters 2025"]
[Site "Sharjah UAE"]
[Date "2025.05.18"]
[Round "2.3"]
[White "Akobian, Varuzhan"]
[Black "Sargsyan, Shant"]
[Result "1/2-1/2"]
[WhiteTitle "GM"]
[BlackTitle "GM"]
[WhiteElo "2564"]
[BlackElo "2666"]
[WhiteFideId "13300580"]
[BlackFideId "13306766"]
[EventDate "2025.05.17"]

1. d4 Nf6 2. c4 e6 3. Nf3 d5 4. cxd5 exd5 5. Nc3 Nbd7 6. Bg5 Bb4 7. Qa4 c5 8.
dxc5 Qa5 9. Qxa5 Bxa5 10. Bd2 Nxc5 11. e3 O-O 12. Be2 b6 13. O-O Bg4 1/2-1/2